Rearch in the chemical industry

Gardado en:
Detalles Bibliográficos
Autor Principal: Baines, A.
Formato: Libro
Idioma:Undetermined
Publicado: New York Elsevier publishing company ltd 1969
Những chủ đề:
Các nhãn: Engadir etiqueta
Sen Etiquetas, Sexa o primeiro en etiquetar este rexistro!
Thư viện lưu trữ: Trung tâm Học liệu Trường Đại học Cần Thơ
LEADER 00550nam a2200193Ia 4500
001 CTU_80833
008 210402s9999 xx 000 0 und d
082 |a 660.973 
082 |b B162 
100 |a Baines, A. 
245 0 |a Rearch in the chemical industry 
245 0 |c A. Baines, F. R. Bradbury, C. W. Suckling 
260 |a New York 
260 |b Elsevier publishing company ltd 
260 |c 1969 
650 |a Chemical industry 
650 |z United states 
904 |i Trọng Hải 
980 |a Trung tâm Học liệu Trường Đại học Cần Thơ